000 01191cam a22003377a 4500
003 CHAP
005 20220817043109.0
008 971010s1987 r 00010 d
010 _a65567
011 _a66539
035 _a74840
040 _cCHAP
082 _a631.42
_bB7
100 0 0 _aBrown, James Richard.
_915663
245 0 _aSoil testing
_b: sampling, correlation, calibration and interpretation: proceedings of a symposium ... 1985
260 _aMadison, Wis. :
_bSoil Science Society of America,
_c1987
300 _a144 p.
_b: gráfs.
490 0 _aSSSA Special publication
_v; 21
590 _aBATCH-UPD
_b10
_c20130110
_lUCH01
_h1530
590 _aBATCH-UPD
_b10
_c20130410
_lUCH01
_h0937
590 _aBATCH-UPD
_b10
_c20130914
_lUCH01
_h0752
590 _aCONVERSION
_b10
_c20130109
_lUCH01
_h1336
650 1 4 _aMuestreo de suelos.
_979287
650 1 4 _aSuelos
_xAnálisis.
_9110204
650 1 4 _aSuelos
_xFertilidad.
_9110367
830 0 _aSSSA Special publication
_v; 21
901 _aBK
942 _cLIBRO
949 _a631.42 B7
_bBC
_cLIBRO
_d33724000067484
_eLIBRO
_gI.c/e
_h85281
_i74840
_si
_t74.28
949 _a631.42 B7
_bS
_cLIBRO
_d-7746
_eLIBRO
_gI.c/e
_h3394
_i74840
_si
_t70.43
999 _c65567
_d65567